PRACTICES OF ISLAMIC BANKING AND WEALTH PLANNING ASPECT THROUGH ISLAM

Bibliográfiai részletek
Szerző: Huseynzade Orkhan
További közreműködők: Sági Dr. habil Judit
Dokumentumtípus: Diplomadolgozat
Kulcsszavak:Islamic Finance
Islamic Financial Institutions
Islamic Financial Law
Financial Planning & Analysis
Online Access:http://dolgozattar.uni-bge.hu/22515

MARC

LEADER 00000nta a2200000 i 4500
001 dolg22515
005 20190516164622.0
008 190516suuuu hu om 000 eng d
040 |a BGE Dolgozattár Repozitórium  |b hun 
041 |a en 
100 1 |a Huseynzade Orkhan 
245 1 0 |a PRACTICES OF ISLAMIC BANKING AND WEALTH PLANNING ASPECT THROUGH ISLAM  |c Huseynzade Orkhan  |h [elektronikus dokumentum] 
246 1 1 |a PRACTICES OF ISLAMIC BANKING AND WEALTH PLANNING ASPECT THROUGH ISLAM 
520 3 |a The aim of this study is to learn appropriate understandings of practices of Islamic Banking and have wealth planning be examined from the Islamic perspective throughout the study of Financial planning, Islamic Financial Law and Governance principles. 
695 |a Islamic Finance 
695 |a Islamic Financial Institutions 
695 |a Islamic Financial Law 
695 |a Financial Planning & Analysis 
700 1 |a Sági Dr. habil Judit  |e ths 
856 4 0 |u http://dolgozattar.uni-bge.hu/22515/2/Thesis.pdf  |z Dokumentum-elérés